The O.C. Characters Quiz Stats

 Plays Quiz Updated Feb 22, 2019

Score 0/30 Timer 06:00
2 Plays Today
Actor/Actress Character % Correct
Benjamin McKenzieRyan Atwood
96.3%
Adam BrodySeth Cohen
96.3%
Rachel BilsonSummer Roberts
96%
Mischa BartonMarissa Cooper
93%
Peter GallagherSandford 'Sandy' Cohen
85.8%
Melinda ClarkeJulie Cooper
75.7%
Kelly RowanKirsten Cohen
73.5%
Tate DonovanJames 'Jimmy' Cooper
64.1%
Autumn ReeserTaylor Townsend
61.5%
Chris CarmackLuke Ward
57.5%
Alan DaleCaleb Nichol
53.9%
Samaire ArmstrongAnna Stern
46.7%
Willa HollandKaitlin Cooper
41.4%
Olivia WildeAlex Kelly
36.3%
Logan Marshall-GreenTrey Atwood
35.1%
Actor/Actress Character % Correct
Taylor HandleyOliver Trask
32.7%
Ryan DonowhoJohnny Harper
31.4%
Navi RawatTheresa Diaz
29%
Cam GigandetKevin Volchok
28%
Shannon LucioLindsay Gardner
27.7%
Michael CassidyZach Stevens
23.8%
Amanda RighettiHailey Nichol
20.2%
Michael NouriNeil Roberts
20.2%
Chris PrattChé
17.1%
Kevin SorboFrank Atwood
16%
Gary GrubbsGordon Bullit
13.5%
Jeff HephnerMatt Ramsey
10.4%
Bill CampbellCarter Buckley
9.6%
Paula TrickeyVeronica Townsend
9.2%
Kimberly OjaTaryn Baker
5.6%

You're not logged in!

Compare scores with friends on all Sporcle quizzes.
OR
Log In

Sporcle TV

Today on Sporcle TV


Watch our educational content, quiz creation guides, and fun videos on Sporcle TV.

Show Comments

Extras

Top Quizzes Today


Score Distribution

Your Account Isn't Verified!

In order to create a playlist on Sporcle, you need to verify the email address you used during registration. Go to your Sporcle Settings to finish the process.

Report this User

Report this user for behavior that violates our Community Guidelines.

Details: